000
00289nam a22001337a 4500
020
_a
81-713-0466-4
082
_a
894.812.1
_b
RAM/V
100
_a
VAYALAR
245
_a
VAYALAR KRITHIKAL
260
_a
KOTTAYAM
_b
DC BOOKS
_c
2005
300
_a
1120
650
_a
VAYALAR KRITHIKAL
942
_c
BK
999
_c
4023
_d
4023